000 00272nam a2200097Ia 4500
001 647117
005 20250826153656.0
008 250824s9999 xx 000 0 und d
245 0 _aŞİRİN İŞ BAŞINDA 5 NASIL ÜNLÜ OLDUM?
_cBİRSEN EKİM ÖZEN
260 _bTİMAŞ ÇOCUK
999 _c647117
_d647117